Une lettre suffit pour répondre juste #6 (attention 10 lettres tuent) - Statistiques

Statistiques générales
  • Ce quiz a été pris 128 fois
  • Le résultat moyen est 2 sur 6
Statistiques - réponses
Hint Réponse % Correct
Donne une des 5 lettres qui complète le nom du film de 1990 en extrait : Danse avec les _ _ _ _ _
LOUPS
100%
Donne une des 4 lettres qui compose le nom de l'association française de lutte contre l'antisémitisme qui fait un dîner annuel auquel sont invitées de nombreuses personnalités politiques et du spectacle
CRIF
40%
Donne une des 3 lettres qui compose le nom simplifié de ce groupe de musique dont voici un clip en extrait
NTM
32%
Donne une des 2 lettres du surnom du basketteur en image (c'est aussi ses initiales prénom/nom)
KD
17%
Donne la seule lettre qui n'est pas présente dans le roman en lipogramme de Georges Perec "La Disparition" publié en 1969 (qui comporte près de trois cents page) E
12%
Donne la lettre qui complète le nom explicite utilisé par ce réalisateur et producteur français de films pornographiques ici en image (wikipédia/2015) : John ?. Root
B
3%
Aucun quiz correspondant
Distribution des résultats
% des personnes avec chaque résultat
Percentile par nombre de réponses
Votre historique - résultats
Vous n’avez pas pris ce quiz